Production Planning and Production Management Based on the ERP II System
Uložené v:
| Hlavný autor: | |
|---|---|
| Médium: | Kapitola |
| Jazyk: | English |
| Predmet: | |
| Tagy: |
Žiadne tagy, Buďte prvý, kto otaguje tento záznam!
|
MARC
| LEADER | 00000naa$a2200000$$$4500 | ||
|---|---|---|---|
| 001 | 0243686 | ||
| 005 | 20240502073939.6 | ||
| 041 | 0 | |a eng | |
| 044 | |a SK | ||
| 245 | 1 | 0 | |a Production Planning and Production Management Based on the ERP II System |c Mariusz Iskra |
| 500 | |a Abstrakt | ||
| 610 | 2 | 0 | |a plánovanie výroby |
| 610 | 2 | 0 | |a riadenie výroby |
| 610 | 2 | 0 | |a systémy výrobné integrované |
| 610 | 2 | 0 | |a business intelligence |
| 100 | 1 | |a Iskra, Mariusz, 1980- | |